Представление документа в формате MARC21

ПолеНазваниеЗначение
  Тип записи a
  Библиографический уровень m
001 Контрольный номер RU/URAIT/589716
005 Дата корректировки 20260429163610.6
008 Кодируемые данные 260429s2026 RU y f j 000 0 rus u
020 Индекс ISBN __
a ISBN 978-5-534-19019-9
c Цена, тираж 619.00
040 Источник каталогиз. __
a Служба первич. каталог. ИКО Юрайт
c Служба, преобразующая запись ИКО Юрайт
e Правила каталог. RCR
041 Код языка издания __
a Код языка текста rus
044 Код страны публикации __
a Код страны публикации RU
080 Индекс УДК __
a Индекс УДК 796/799(075.32)
084 Индекс другой классификации/Индекс ББК __
2 Источник индекса rubbk
a Индекс другой классификации/Индекс ББК 75я723
100 Автор __
a Автор Гладюк В. Г.
q Полное имя Гладюк Владимир Григорьевич
245 Заглавие __
a Заглавие Футбол
b Продолж. заглавия учебник для спо
c Ответственность В. Г. Гладюк, Е. В. Конеева ; под редакцией Е. В. Конеевой.
250 Сведения об издании __
g пер. и доп
a Основные сведения об издании 3-е изд.
256 Характеристики компьютерного файла __
a Характеристики компьютерного файла Электрон. дан.
260 Выходные данные __
a Место издания Москва
b Издательство Юрайт
c Дата издания 2026
300 Физическое описание __
a Объем 106 с
440 Серия __
a Серия Профессиональное образование
500 Примечания __
a Примечание URL: https://urait.ru/bcode/589716 (дата обращения: 29.04.2026).
520 Аннотация __
a Аннотация Данный курс дает исчерпывающую информацию об истории возникновения, развитии, технике, тактике и методике обучения футбола. Приводятся упражнения для совершенствования навыков игры и рекомендации по построению цикла тренировок. Соответствует актуальным требованиям федерального государственного образовательного стандарта среднего профессионального образования и профессиональным требованиям. Курс предназначен для студентов среднего профессионального образования, делающих первые шаги в освоении средств и методики физического воспитания, а также изучающих «Элективные курсы по физической культуре». Также курс будет полезен специалистам, тренерам по спортивных играм и другим видам спорта, учителям физической культуры, инструкторам по физической культуре дошкольных образовательных организаций, преподавателям вузов и сузов, аспирантам и докторантам.
538 Прим. о системных особенностях __
a Прим. о системных особенностях Режим доступа: Электронно-библиотечная система Юрайт, для авториз. пользователей
653 Ключевые слова __
a Ключевые слова Физическая культура
653 Ключевые слова __
a Ключевые слова Гуманитарные науки
653 Ключевые слова __
a Ключевые слова Футбол
653 Ключевые слова __
a Ключевые слова Физическая культура и спорт (футбол)
653 Ключевые слова __
a Ключевые слова Элективные дисциплины по физической культуре и спорту (Повышение спортивного мастерства-футбол)
653 Ключевые слова __
a Ключевые слова Элективные курсы по физической культуре (Футбол)
653 Ключевые слова __
a Ключевые слова Элективные курсы по физической культуре и спорту (Повышение спортивного мастерства: футбол)
700 Другие авторы __
a Другие авторы Конеева Е. В.
q Полное имя Конеева Елена Владимировна
856 Электронный адрес документа 40
n Местонахождение сервера Юрайт
g Электронная книга
q Тип электронного формата html
h Имя пользователя ЮРАЙТ
v Часы доступа к ресурсу 20271231
2 Способ доступа Показать документ
x Служебное примечание https://urait.ru/book/cover/32A5A288-A45E-4401-96EF-125AE8DD1181
u URL https://urait.ru/bcode/589716
856 Электронный адрес документа 48
q Тип электронного формата cover
u URL https://urait.ru/book/cover/32A5A288-A45E-4401-96EF-125AE8DD1181
911 __
u 0030=https://urait.ru/bcode/589716
911 __
u 073a=9785534190199
u 073d=619.00
911 __
u 106a=s
911 __
u 900l=
952 Тип литературы __
i Дисциплина Футбол
952 Тип литературы __
i Дисциплина Физическая культура и спорт (футбол)
952 Тип литературы __
i Дисциплина Элективные дисциплины по физической культуре и спорту (Повышение спортивного мастерства-футбол)
952 Тип литературы __
i Дисциплина Элективные курсы по физической культуре (Футбол)
952 Тип литературы __
i Дисциплина Элективные курсы по физической культуре и спорту (Повышение спортивного мастерства: футбол)